Dinge die mit N anfangen (Kenshin Edition) - Statistiken

Allgemein
  • Dieses Quiz wurde 292 mal gespielt
  • Das Durchschnittsergebnis liegt bei 13 aus 16
Antwortstatistiken
Bildquiz Antwort % Korrekt
Nuss/Nüsse
100%
Nashorn
99%
Nilpferd
98%
Nonne
98%
Norwegen
98%
Niederlande
96%
Nebel
95%
Nudel/Nudelsuppe
94%
Nürnberg
94%
Nachos
91%
Nacht
88%
Nigeria
87%
Nepal
86%
Nachtigall
49%
Nairobi
48%
Nagoya
9%
Keine übereinstimmenden Quizze gefunden
Verteilung der Resultate
Anzahl Personen mit jedem Resultat
Perzentil nach korrekt beantworteten Fragen
Ihre Resultats-Entwicklung
Sie haben dieses Quiz noch nicht gespielt